Statystyki dla Dyskografia Quebonafide

Kliknij tutaj aby rozwiązać quiz!

Ogólne statystyki

  • Ten quiz został rozwiązany 673 razy
    (265 od ostatniego zresetowania)
  • Średni wynik to 9 z 17

Statystyki odpowiedzi

HintOdpowiedź% Poprawnych
2017 (LP)Egzotyka
98%
2020 (LP)Romantic Psycho
91%
2013 (nielegal)Eklektyka
86%
2015 (LP)Ezoteryka
85%
2018 (LP/duet)Soma 0,5 mg
78%
2017 (EP)Dla Fanek Euforii
71%
2017 (EP)Dla Fanów Eklektyki
71%
2015 (mixtape)Erotyka
71%
2013 (nielegal/duet)Płyta Roku
55%
2018 (EP/duet)0,25 mg
46%
2016 (blendtape/duet)Elektryka
44%
2015 (EP/duet)Demówka
39%
2017 (EP/duet)No To Bajka
29%
2016 (składanka)Hip Hop 2.0
24%
2009 (nielegal/duet)Pierwsze Cięcie
14%
2010 (nielegal/duet)Drugie Cięcie
13%
2012 (nielegal/duet)Flow Witam
7%

Rozkład punktacji

Percentyl według liczby udzielonych odpowiedzi

Procent ludzi z każdym wynikiem

Twoja historia wyników

Nie rozwiązałeś tego quizu od ostatniego zresetowania